000
00269nam a22001097a 4500
082
_a
620.82 MUR'E
100
_a
MURRELL, K. F. H
_9
79396
245
_a
ERGONOMICS MAN IN HIS WORKING ENVIRONMENT
260
_a
LONDON
_b
CHAPMAN & HALL
_c
1969
300
_a
496P
942
_c
BK
999
_c
584440
_d
584440